Clic Ce sont des départements mais aussi... (8) - Statistiques

Statistiques générales
  • Ce quiz a été pris 12 fois
  • Le résultat moyen est 23 sur 50
Statistiques - réponses
Hint Explanation Réponse % Correct
La Marne est un affluent de la Seine VRAI
78%
Loire est un nom porté par plusieurs navires de la Marine nationale VRAI
78%
Loiret est un joueur de rugby Prénommé Etienne VRAI
78%
Le lot est un ensemble de choses VRAI
78%
La Loire est un affluent de l'Allier VRAI
78%
La Mayenne est un affluent de la Maine VRAI
78%
Manche désigne une partie d'une guitare VRAI
78%
Manche désigne une partie d'un avion Le manche à balai VRAI
67%
Lozère est un mont du Massif central qui a donné son nom au département VRAI
67%
La Savoie est une rivière canadienne VRAI
67%
Le Moselle est un navire de guerre britannique VRAI
67%
Le Morbihan est le nom d'un site des Kerguelen un golfe VRAI
67%
La Meuse est un fleuve qui traverse 3 pays France, Belgique, Pays-Bas VRAI
67%
Le Rhône était une grande société de mécanique VRAI
67%
Le tour de Moselle est une course cycliste VRAI
56%
Loire se trouve dans le nom de 2 régions françaises Pays-de-la-Loire et Centre-Val-de-Loire VRAI
56%
Le Jura est un fromage suisse VRAI
56%
La Savoie est un sommet des Alpes VRAI
56%
Lozère est une gare du RER VRAI
56%
Le Nord est une région d'Ouganda VRAI
56%
Savoie est une miraculée de Lourdes Prénommée Marie VRAI
56%
Lot est un roi dans la légende arthurienne VRAI
56%
La Meuse est un gratte-ciel de Rotterdam VRAI
56%
L'Orne est un fleuve côtier qui a donné son nom au département VRAI
56%
Landes est une commune de Charente-Maritime VRAI
56%
Le Rhône est un glacier en Antarctique VRAI
56%
Nord est un astéroïde VRAI
56%
L'Oise est un lac de la Somme FAUX
44%
Sarthe est une commune de Corse Sartène oui FAUX
44%
Nord est un film de Xavier Beauvois de 1991 VRAI
44%
Marne est le nom d'un navire de guerre anglais VRAI
44%
Lozère est un chanteur pour enfants Prénommé Pierre VRAI
44%
Le Nord est un site militaire danois VRAI
44%
La Moselle est une rivière du Grand Londres VRAI
33%
Paris est un roman d'Emile Zola VRAI
33%
La Manche est un ferry qui a coulé en 1939 FAUX
22%
La Lozère est un affluent du Gard FAUX
22%
Morbihan est une appellation d'huîtres FAUX
22%
Orne est une commune de la Moselle Ornes existe dans la Meuse FAUX
22%
Nord est une station du métro parisien Il existe gare du Nord FAUX
22%
Le jura est un magistrat municipal Jurat FAUX
22%
Nièvre est une commune de l'Aisne FAUX
11%
Paris est un hebdomadaire Paris-Match FAUX
11%
Le Jura est une région de production de charbon Il y a du charbon mais il n'a jamais été exploité FAUX
11%
Le cap Orne est le point extrême de l'Amérique Horn FAUX
11%
Orne est un général britannique de la 1ère guerre mondiale Henry Horne FAUX
11%
Orne est un cheval spécialiste du trot FAUX
0%
La Nièvre est un journal FAUX
0%
Le Morbihan est un golf breton golfe plutôt ! FAUX
0%
Orne est une île australienne Horn FAUX
0%
Aucun quiz correspondant
Distribution des résultats
% des personnes avec chaque résultat
Percentile par nombre de réponses
Votre historique - résultats
Vous n’avez pas pris ce quiz